header

Records and branching processes (Record no. 166933)

MARC details
000 -LEADER
fixed length control field 01342nam a2200349 a 4500
082 04 - DEWEY DECIMAL CLASSIFICATION NUMBER
Classification number 519.2/4
245 00 - TITLE STATEMENT
Title Records and branching processes
260 ## - PUBLICATION, DISTRIBUTION, ETC. (IMPRINT)
Place of publication New York :
Name of publisher Nova Science Publishers,
Year of publication c2008.
300 ## - PHYSICAL DESCRIPTION
Number of Pages x, 175 p.
650 #0 - SUBJECT ADDED ENTRY--TOPICAL TERM
Topical Term Distribution (Probability theory)
Topical Term Branching processes.
Topical Term Mathematical statistics.
700 1# - ADDED ENTRY--PERSONAL NAME
Personal name Ahsanullah, M.
Personal name Yanev, George P.
856 40 - ELECTRONIC LOCATION AND ACCESS
Uniform Resource Identifier http://site.ebrary.com/lib/rucke/Doc?id=10676348

No items available.

© 2026 Rongo University
Contact us: librarian | system librarian | Rongo university